| 000 | 00426nam a2200181Ia 4500 | ||
|---|---|---|---|
| 001 | 11686 | ||
| 005 | 20260306162846.0 | ||
| 008 | 260306t1960||||xx |||||||||||||| ||spa|| | ||
| 041 | _aESP | ||
| 082 |
_a987.04 _bF62 |
||
| 100 |
_aFlores y Caamaño, Alfredo _eAUT |
||
| 245 | 0 | _aObjeciones históricas | |
| 260 | _c1960 | ||
| 300 |
_a390 páginas : _c21cm. |
||
| 650 | _aGEN | ||
| 654 | _aCHU | ||
| 942 |
_cLIB _dJUS _fJUS _2ddc _n |
||
| 999 |
_c11686 _d11686 |
||